00916nam a2200277 a 450000100060000000300080000600500170001400800410003102000220007203500190009404000320011304100110014508200220015624500430017826000520022130000290027350000490030250000200035165000250037170000220039670000270041870000400044594200120048599900170049795201240051470840BD-RjUL20211209082039.0170420s1986 onca 001 0 eng d a0941158837 (pbk.) a(BD-RjUL)71054 aDLCcDLCdDLCdBD-RjULbeng1 aengfre00a572223bBIO 198610aBiochemistry /cP. Kamoun ... [et al.] aToronto ;aPhiladelphia :bB.C. Decker, c1986. a150 p. :bill. ;c22 cm. aTranslation of: Aide-mémoire de biochimie. aIncludes index. 0aBiochemistry92096681 aKamoun, P92096691 aLeroux, J. P. 92096701 aBeaune, P. H.qjoint author9209671 2ddccBK c70840d70840 00102ddc40718NFICaRUCLbRUCLcReadingd1992-11-03egiftl0o572 BIO 1986r2017-04-20 00:00:00tC-1w2017-04-20yBK